000 00984nam a22002417a 4500
005 20240530110349.0
008 141215s2008 ua o g 000 0cara d
017 _a2806/1996
_bمصر . دار الكتب المصرية
020 _a9771008161
040 _aEG-CaGPL
041 0 _aara
082 0 4 _221
_a925.4\
_bع ر
100 0 _aعادل طه يونس
245 1 0 _aرواد العلم الحائزون لجائزة نوبل 1901 - 2006 فى الكيمياء :
_bمع نبذة عن الكيمياء وجوائز نوبل فى الكيمياء /
_cعادل طه يونس
260 _aالقاهرة :
_bدار الفكر العربى ،
_c2008
300 _a315 ص ؛
_c24 سم
490 0 _aسلسلة رواد العلم الحائزين لجائزة نوبل
650 0 4 _aجائزه نوبل
650 0 4 _aالكيمياء
_xتاريخ
650 0 4 _aجائزة نوبل فى الكيمياء
942 _2ddc
_cBK
999 _c60037
_d60037